| 000 | 00650nam a22001937a 4500 | ||
|---|---|---|---|
| 999 |
_c61703 _d61703 |
||
| 005 | 20240418152546.0 | ||
| 008 | 240418s2001 enk||||| |||| 00| 0 eng d | ||
| 020 | _a9780632043538x | ||
| 041 | _aeng | ||
| 080 | _a618 B-96 | ||
| 100 |
_aBurnett, Alexander F. _921865 |
||
| 245 |
_aClinical obstetrics and gynecology : _ba problem based approach / _cAlexander F. Burnett. |
||
| 264 |
_aOxford : _bBlackwell Science, _c2001. |
||
| 300 |
_a462 p. : _bill.; _c26 cm. |
||
| 653 | _aკლინიკური მეანობა | ||
| 653 | _aგინეკოლოგია | ||
| 653 | _aმედიცინა | ||
| 942 |
_2udc _cᲬᲘᲒᲜᲘ |
||